00556 2200205 4500001002100000005001500021035002000036007000300056008004100059020002200100082001000122084001700132100002500149245006100174260002700235300004100262650000900303650002000312650001800332INLIS00000000000155320260127092017 a0010-0126000012ta260127 g 0 ind  a978-602-6954-62-6 a632.9 a632.9 SRI p0 aSri Suryani M. Rambe1 aPengendalian Hama & Penyakit Tanaman Jeruk /cAmata Fami aBogor :bBBP2TP,c2021 ax, 42 hlm, :bilus, ;c15 cm x 21 cm 4aBuku 4aHama & Penyakit 4aTanaman Jeruk